Nemocenské poistenie občanov v osobitných prípadoch
Účasť na nemocenskom poistení podľa jednotlivých subjektov upravuje niekoľko právnych noriem. Zákon č. 54/1956 Zb. o nemocenskom poistení zamestnancov, ktorý ustanovuje podmienky, za ktorých sú zamestnanci nemocensky poistení. Nemocenské poistenie samostatne zárobkovo činných osôb a spolupracujúci o...
Gespeichert in:
| 1. Verfasser: | |
|---|---|
| Format: | Buchkapitel |
| Sprache: | Slowakisch |
| Schlagworte: | |
| Tags: |
Keine Tags, Fügen Sie das erste Tag hinzu!
|
MARC
| LEADER | 00000naa a2200000 4500 | ||
|---|---|---|---|
| 001 | r042929 | ||
| 005 | 20231002081148.2 | ||
| 041 | 0 | |a slo | |
| 044 | |a SK | ||
| 245 | 1 | 0 | |a Nemocenské poistenie občanov v osobitných prípadoch |c Ján Matlák |
| 520 | |a Účasť na nemocenskom poistení podľa jednotlivých subjektov upravuje niekoľko právnych noriem. Zákon č. 54/1956 Zb. o nemocenskom poistení zamestnancov, ktorý ustanovuje podmienky, za ktorých sú zamestnanci nemocensky poistení. Nemocenské poistenie samostatne zárobkovo činných osôb a spolupracujúci osôb upravuje zákon č. 100/1988 Zb. o sociálnom zabezpečení v znení neskorších predpisov. Ostatní účastníci nemocenského poistenia a iné okruhy subjektov, ktorých ustanovuje vyhláška č. 165/1988 Zb. o sociálnom zabezpečení v znení neskorších predpisov. | ||
| 610 | 2 | 0 | |a poistenie nemocenské |
| 610 | 2 | 0 | |a normy právne |
| 610 | 2 | 0 | |a zamestnanci |
| 610 | 2 | 0 | |a osoby spolupracujúce |
| 610 | 2 | 0 | |a zákony |
| 610 | 2 | 0 | |a vyhlášky |
| 610 | 2 | 0 | |a pojmy |
| 100 | 1 | |a Matlák, Ján | |